000 01579nam a2200253Ia 4500
003 Ost
005 20260507075327.0
008 260507s9999||||xx |||||||||||||| ||und||
040 _cfsecg
041 _aara
082 _a330
100 _aعرمان، زياد محمد
_eمؤلف
245 0 _aمفاهيم حديثة في إدارة البنوك /
_c زياد محمد عرمان
260 _aعمان:
_bدارالبداية,
_c2012
300 _a267 صفحة؛
_bإيضاحات ؛
_c25 سم
520 _aأساسيات في المصارف ، تنظيم المصارف التجارية الرئيسية ووظائفها و المزايا التي تحققها في تقديم الخدمات الحديثة ، السيولة الحاضرة و السيولة شبه النقدية و السيولة لأغراض تلبية القروض و السلفيات ....، مكونات سياسة الاقتراض و مراعات الواقعية في هذه السياسة ، العوامل المؤثرة في البناء و التكوين التنظيمي في البنوك و محددات بناء الهياكل التنظيمية ، عمليات الرقابة و تقويم الأداء للمنشآت المالية و المصرفية
653 _aالبنوك
653 _aالبنوك ــ تنظيم وإدارة
653 _aالبنوك الإسلامية
653 _aالبنوك التجارية
700 _aالخطيب، عامر
_eمؤلف ثانوي
700 _aعلا، تعيم عبد القادر
_eمؤلف ثانوي
942 _cكتاب
999 _c43977
_d43977